[Event "I Weekend A"]
[Site "Livorno ITA"]
[Date "2004.12.18"]
[Round "4"]
[White "Efimov, Igor"]
[Black "Franceschi, Riccardo"]
[Result "1-0"]
[WhiteElo "2459"]
[BlackElo "2152"]
[PlyCount "53"]
[EventDate "2004.12.11"]

1. e4 d5 2. exd5 Qxd5 3. Nc3 Qa5 4. d4 Nf6 5. Bc4 c6 6. Qe2 Bf5 7. Nf3 e6 8.
Bd2 Bb4 9. O-O-O Nbd7 10. a3 Bxc3 11. Bxc3 Qc7 12. Rhg1 O-O-O 13. Kb1 h6 14. h3
Nd5 15. Bd2 g5 16. g4 Bh7 17. h4 gxh4 18. Nxh4 N7b6 19. Bb3 Nf4 20. Qe3 Nbd5
21. Qf3 Rdf8 22. Ka2 Ng6 23. Rh1 h5 24. gxh5 Nxh4 25. Rxh4 Bf5 26. c4 Ne7 27.
d5 1-0

[Event "I Weekend A"]
[Site "Livorno ITA"]
[Date "2004.12.18"]
[Round "4"]
[White "Evangelisti, Claudio R."]
[Black "Baccaro, Franco"]
[Result "1-0"]
[WhiteElo "2240"]
[BlackElo "2161"]
[PlyCount "65"]
[EventDate "2004.12.11"]

1. e4 e6 2. d4 d5 3. Nd2 Nf6 4. e5 Nfd7 5. Bd3 c5 6. c3 Nc6 7. Ne2 cxd4 8. cxd4
f6 9. exf6 Nxf6 10. Nf3 Bd6 11. O-O Qc7 12. g3 O-O 13. Bf4 e5 14. dxe5 Nxe5 15.
Nxe5 Bxe5 16. Rc1 Qd6 17. Qa4 Bg4 18. Bxe5 Qxe5 19. Qd4 Rae8 20. Qxe5 Rxe5 21.
Nd4 Rfe8 22. Kg2 a6 23. h3 Bh5 24. Rc7 R5e7 25. Rfc1 Bf7 26. Nf5 Rd7 27. Rxd7
Nxd7 28. Nd6 Rb8 29. f4 g6 30. Rc7 Be6 31. g4 Rf8 32. f5 gxf5 33. gxf5 1-0

[Event "I Weekend A"]
[Site "Livorno ITA"]
[Date "2004.12.18"]
[Round "4"]
[White "Laketic, Gojko"]
[Black "Ljubisavljevic, Zivojin Z."]
[Result "1-0"]
[WhiteElo "2432"]
[BlackElo "2273"]
[PlyCount "51"]
[EventDate "2004.12.11"]

1. d4 g6 2. e4 Bg7 3. Nf3 c5 4. d5 d6 5. Bb5+ Bd7 6. a4 a6 7. Bxd7+ Nxd7 8. O-O
b5 9. axb5 axb5 10. Rxa8 Qxa8 11. Na3 b4 12. Nc4 Ngf6 13. Qd3 O-O 14. Bg5 h6
15. Bh4 Rb8 16. Nfd2 Nb6 17. f4 Rb7 18. Bxf6 Nxc4 19. Nxc4 Bxf6 20. e5 Bg7 21.
f5 dxe5 22. g4 f6 23. d6 Qc8 24. Rd1 Qd7 25. Qd5+ e6 26. Qxb7 1-0

[Event "I Weekend A"]
[Site "Livorno ITA"]
[Date "2004.12.19"]
[Round "5"]
[White "Laketic, Gojko"]
[Black "Evangelisti, Claudio R."]
[Result "1-0"]
[WhiteElo "2432"]
[BlackElo "2240"]
[PlyCount "76"]
[EventDate "2004.12.11"]

1. Nf3 Nf6 2. c4 e6 3. g3 b6 4. Bg2 Bb7 5. O-O c5 6. b3 Be7 7. Bb2 O-O 8. e3
Nc6 9. Qe2 d5 10. Rd1 dxc4 11. bxc4 Rc8 12. Nc3 Qc7 13. d3 Rfd8 14. Rd2 Nd7 15.
Ne1 Bf6 16. f4 Ba6 17. Nf3 g6 18. g4 Ne7 19. a4 Bg7 20. Nb5 Qb8 21. Bxg7 Kxg7
22. Qe1 Nc6 23. Ng5 Na5 24. Rf2 Bxb5 25. axb5 h6 26. Qc3+ Kg8 27. Ne4 Qc7 28.
Raf1 Rf8 29. g5 hxg5 30. fxg5 Qe5 31. Nf6+ Kg7 32. d4 Qd6 33. Nxd7 Qxd7 34.
dxc5+ Kg8 35. c6 Qe7 36. h4 Qc5 37. Rf4 Rcd8 38. Re4 a6 1-0

[Event "I Weekend A"]
[Site "Livorno ITA"]
[Date "2004.12.19"]
[Round "6"]
[White "Efimov, Igor"]
[Black "Ljubisavljevic, Zivojin Z."]
[Result "1-0"]
[WhiteElo "2459"]
[BlackElo "2273"]
[PlyCount "139"]
[EventDate "2004.12.11"]

1. d4 Nf6 2. c4 c5 3. d5 b5 4. cxb5 a6 5. bxa6 Bxa6 6. Nc3 d6 7. Nf3 g6 8. g3
Bg7 9. Bg2 O-O 10. Rb1 Nbd7 11. O-O Qa5 12. Qc2 Nb6 13. Rd1 Nfd7 14. Bd2 Nc4
15. Be1 Rfb8 16. Qc1 Nde5 17. Ng5 Bh6 18. b3 Na3 19. Na4 Qxa4 20. f4 Bxg5 21.
bxa4 Rxb1 22. Qxb1 Nxb1 23. Rxb1 Bxe2 24. fxe5 Rxa4 25. exd6 exd6 26. Rb8+ Kg7
27. Bc3+ Bf6 28. Bxf6+ Kxf6 29. Rb6 Ra6 30. Rb2 Bc4 31. Rf2+ Ke7 32. Bf1 Bxf1
33. Kxf1 f5 34. Re2+ Kd7 35. Rb2 Kc7 36. Re2 c4 37. Rc2 Ra4 38. Rb2 Ra5 39. Rc2
Ra4 40. Rb2 Ra3 41. Rb4 Rxa2 42. Rxc4+ Kd7 43. Kg1 Ra5 44. Rb4 Kc7 45. Rc4+ Rc5
46. Ra4 Kb6 47. Ra8 Rc7 48. Ra2 Kb5 49. Rb2+ Ka6 50. Ra2+ Kb7 51. Rb2+ Kc8 52.
Rb6 Kd7 53. h4 Ke7 54. Kg2 h6 55. h5 g5 56. Rb8 Kf6 57. Rh8 Ke5 58. Rxh6 g4 59.
Rg6 Kxd5 60. h6 Ke5 61. Rg7 Rc2+ 62. Kg1 Rc8 63. h7 Rh8 64. Kf2 Kf6 65. Rd7 d5
66. Ke3 Kg6 67. Kf4 Rxh7 68. Rd6+ Kf7 69. Kxf5 Rh5+ 70. Kxg4 1-0

[Event "I Weekend A"]
[Site "Livorno ITA"]
[Date "2004.12.19"]
[Round "6"]
[White "Evangelisti, Claudio R."]
[Black "Hautala, Roman"]
[Result "0-1"]
[WhiteElo "2240"]
[BlackElo "2175"]
[PlyCount "68"]
[EventDate "2004.12.11"]

1. d4 Nf6 2. c4 g6 3. Nc3 Bg7 4. e4 d6 5. Nf3 O-O 6. d5 c6 7. Bd3 Na6 8. O-O
Bg4 9. Re1 Nd7 10. h3 Bxf3 11. Qxf3 Nac5 12. Bc2 Qb6 13. Qe2 Ne5 14. Na4 Nxa4
15. Bxa4 Rac8 16. Bb3 Rc7 17. Be3 Qa6 18. f4 Nd7 19. Qf2 Rfc8 20. Rad1 cxd5 21.
cxd5 Nc5 22. Bxc5 Rxc5 23. e5 Qb6 24. Kh1 Qc7 25. Qg3 b5 26. Qe3 a5 27. a4 Rb8
28. Rc1 Rxc1 29. Rxc1 Qb7 30. axb5 Qxb5 31. Rc3 a4 32. Bc4 Qxb2 33. Ba6 dxe5
34. fxe5 a3 0-1

[Event "C.to Mondiale U20 femminile"]
[Site "Cochin IND"]
[Date "2004.11.21"]
[Round "4"]
[White "Perez Rodriguez, Jennifer"]
[Black "Matta, Francesca"]
[Result "1-0"]
[WhiteElo "2162"]
[BlackElo "1857"]
[PlyCount "41"]
[EventDate "2004.11.20"]

1. e4 e5 2. d4 exd4 3. Qxd4 Nc6 4. Qe3 Bb4+ 5. Nc3 Nf6 6. Bd2 d6 7. O-O-O Be6
8. f4 O-O 9. f5 Bd7 10. g4 Nxg4 11. Qg3 Nf6 12. Nh3 Kh8 13. Rg1 Rg8 14. Ng5 Qe8
15. Qh4 Bxc3 16. Bxc3 Ne5 17. Bxe5 dxe5 18. Bc4 Rf8 19. Rd3 Bb5 20. Nxh7 Nh5
21. Nf6 1-0

[Event "C.to Mondiale U20 femminile"]
[Site "Cochin IND"]
[Date "2004.11.22"]
[Round "5"]
[White "Matta, Francesca"]
[Black "Sandhya, N."]
[Result "1/2-1/2"]
[WhiteElo "1857"]
[BlackElo "2113"]
[PlyCount "55"]
[EventDate "2004.11.20"]

1. e4 e6 2. d4 d5 3. Nc3 Nf6 4. Bg5 Be7 5. e5 Nfd7 6. Bxe7 Qxe7 7. f4 a6 8. Nf3
c5 9. dxc5 Qxc5 10. Qd4 Qe7 11. Bd3 Nc6 12. Qe3 Qb4 13. Qd2 Qxb2 14. O-O Qb6+
15. Kh1 Qa5 16. g4 b5 17. h4 b4 18. Ne2 Qc5 19. Ng3 Qe7 20. Qe3 Qc5 21. Qd2 g6
22. Rae1 Nd4 23. f5 Nxf3 24. Rxf3 Qc3 25. Qf2 Qc5 26. Qd2 Qc3 27. Qf2 Qc5 28.
Qd2 1/2-1/2

[Event "C.to Mondiale U20 femminile"]
[Site "Cochin IND"]
[Date "2004.11.23"]
[Round "7"]
[White "Matta, Francesca"]
[Black "Delphin, C."]
[Result "1/2-1/2"]
[WhiteElo "1857"]
[BlackElo "1998"]
[PlyCount "101"]
[EventDate "2004.11.20"]

1. e4 c5 2. Nc3 Nc6 3. g3 g6 4. Bg2 Bg7 5. d3 e5 6. Nge2 Nge7 7. O-O O-O 8. Be3
d6 9. f4 Nd4 10. a4 a6 11. Qd2 Rb8 12. a5 b5 13. axb6 Qxb6 14. fxe5 dxe5 15. b3
Bg4 16. Ra4 Bd7 17. Ra2 Bb5 18. Rfa1 Qd6 19. Nxb5 axb5 20. Ra6 Rb6 21. R6a3 b4
22. Ra4 Nec6 23. Kh1 Qd7 24. Ng1 Rbb8 25. Nf3 Nxf3 26. Bxf3 Nd4 27. Bxd4 Qxd4
28. Ra5 f5 29. Ra7 fxe4 30. Bxe4 Rf7 31. Kg2 Rbf8 32. Rxf7 Rxf7 33. Rf1 Rxf1
34. Kxf1 Bf6 35. Qf2 Qd6 36. Kg2 Kg7 37. Qe3 Bd8 38. Qf3 Bf6 39. Qe3 Be7 40.
Qf3 Bg5 41. Bd5 Qf6 42. Qxf6+ Kxf6 43. Kf3 Bd2 44. h3 Bc1 45. g4 Kg5 46. Bg8 h6
47. Bf7 Kf6 48. Bd5 Kg5 49. Bf7 Kf6 50. Bd5 Kg5 51. Bf7 1/2-1/2

[Event "C.to Mondiale U20 femminile"]
[Site "Cochin IND"]
[Date "2004.11.24"]
[Round "8"]
[White "Van Weersel, Arlette"]
[Black "Matta, Francesca"]
[Result "1-0"]
[WhiteElo "2184"]
[BlackElo "1857"]
[PlyCount "99"]
[EventDate "2004.11.20"]

1. e4 e5 2. Nf3 Nc6 3. Bc4 Bc5 4. c3 Nf6 5. d3 d6 6. Bb3 O-O 7. h3 h6 8. Nbd2
Be6 9. O-O Re8 10. Re1 Bxb3 11. Nxb3 Bb6 12. Qe2 d5 13. g4 dxe4 14. dxe4 Nh7
15. Kh2 Qf6 16. c4 Bd4 17. Nfxd4 Nxd4 18. Nxd4 exd4 19. f4 c5 20. Rb1 Qd6 21.
Qd3 Nf8 22. Bd2 Ng6 23. e5 Qc6 24. Kg3 Re7 25. h4 Rae8 26. h5 Nf8 27. b4 b6 28.
Qf3 Qd7 29. bxc5 bxc5 30. Rb5 Qc7 31. Reb1 Qc8 32. Qd5 Ne6 33. Rb7 Rxb7 34.
Qxb7 Qa8 35. Qxa8 Rxa8 36. Rb7 Nd8 37. Rc7 Ne6 38. Rc6 Rb8 39. f5 Nf8 40. Rxc5
Rb2 41. Bf4 Rxa2 42. Rd5 Ra3+ 43. Kf2 d3 44. Ke3 Ra4 45. Kxd3 Ra2 46. Rd8 Ra1
47. e6 fxe6 48. Bd6 exf5 49. Rxf8+ Kh7 50. Rxf5 1-0

[Event "C.to Mondiale U20 femminile"]
[Site "Cochin IND"]
[Date "2004.11.25"]
[Round "9"]
[White "Matta, Francesca"]
[Black "Ellappen, Jenine"]
[Result "1/2-1/2"]
[WhiteElo "1857"]
[BlackElo "2031"]
[PlyCount "48"]
[EventDate "2004.11.20"]

1. e4 c5 2. Nc3 Nc6 3. g3 g6 4. Bg2 Bg7 5. d3 e6 6. f4 d6 7. Nf3 Nge7 8. O-O
O-O 9. Be3 Nd4 10. e5 Nef5 11. Bf2 Bd7 12. Ne4 h5 13. c3 Nxf3+ 14. Bxf3 Bc6 15.
exd6 b6 16. Nf6+ Bxf6 17. Bxc6 Rc8 18. Bb7 Rb8 19. Bg2 Qxd6 20. Qf3 Rfd8 21.
Rfd1 Qe7 22. Rd2 Rd6 23. Rad1 Rbd8 24. a4 Qd7 1/2-1/2

[Event "C.to Mondiale U20 femminile"]
[Site "Cochin IND"]
[Date "2004.11.27"]
[Round "11"]
[White "Matta, Francesca"]
[Black "Brekke, Jorunn Marie"]
[Result "1/2-1/2"]
[WhiteElo "1857"]
[BlackElo "1988"]
[PlyCount "64"]
[EventDate "2004.11.20"]

1. e4 e5 2. Nf3 Nc6 3. Bb5 Nge7 4. O-O d6 5. d4 a6 6. Ba4 b5 7. Bb3 Bg4 8.
Bxf7+ Kxf7 9. Ng5+ Ke8 10. Qxg4 Nxd4 11. Qd1 Qd7 12. f4 Ndc6 13. f5 h5 14. Nc3
Ng8 15. Nd5 Nd8 16. Ne6 Ra7 17. Qf3 Nf6 18. Bg5 Qf7 19. Qf2 Rb7 20. Qh4 Nxe6
21. fxe6 Qxe6 22. Bxf6 gxf6 23. Nxf6+ Kd8 24. Nxh5+ Be7 25. Ng7 Rxh4 26. Nxe6+
Kd7 27. Nf8+ Bxf8 28. Rxf8 Rxe4 29. Raf1 Re2 30. R1f2 Re1+ 31. Rf1 Re2 32. R1f2
Re1+ 1/2-1/2

[Event "C.to Mondiale U20 femminile"]
[Site "Cochin IND"]
[Date "2004.11.29"]
[Round "12"]
[White "Matta, Francesca"]
[Black "Stiri, Alexandra"]
[Result "0-1"]
[WhiteElo "1857"]
[BlackElo "2201"]
[PlyCount "68"]
[EventDate "2004.11.20"]

1. e4 c5 2. Nc3 Nc6 3. g3 d6 4. Bg2 b6 5. d3 Bb7 6. f4 g6 7. Nf3 Bg7 8. O-O Qd7
9. Be3 f5 10. Re1 Nh6 11. Ng5 Ng4 12. Bf2 Nxf2 13. Kxf2 h6 14. Nf3 O-O 15. Nh4
fxe4 16. Bxe4 Bd4+ 17. Kg2 Ne5 18. Rf1 Ng4 19. Qf3 Bxe4 20. Qxe4 Ne3+ 21. Kh1
Nxf1 22. Qxg6+ Bg7 23. Rxf1 e6 24. Re1 Rae8 25. Kg2 a6 26. Ne4 d5 27. Nf2 Qf7
28. Qxf7+ Rxf7 29. Ng4 Kh7 30. Ne5 Bxe5 31. Rxe5 d4 32. Kf2 Rc7 33. Nf3 Rc6 34.
Ke2 Rd8 0-1

[Event "C.to Mondiale U20"]
[Site "Cochin IND"]
[Date "2004.11.20"]
[Round "1"]
[White "Braschi, Giancarlo"]
[Black "Moradiabadi, Elshan"]
[Result "0-1"]
[WhiteElo "2172"]
[BlackElo "2445"]
[PlyCount "88"]
[EventDate "2004.11.20"]

1. d4 Nf6 2. c4 g6 3. Nc3 Bg7 4. e4 d6 5. Be2 O-O 6. Bg5 Nc6 7. Nf3 h6 8. Bh4
Nh5 9. d5 Nb4 10. a3 Na6 11. Qd2 Nc5 12. Rd1 g5 13. b4 Nf4 14. bxc5 Nxg2+ 15.
Kf1 Nxh4 16. Nxh4 gxh4 17. Rg1 Kh8 18. Rxg7 Kxg7 19. Qd4+ f6 20. Bh5 e5 21.
dxe6 Bxe6 22. Ke2 Kh7 23. Nd5 Bxd5 24. Qxd5 Qe7 25. Qf5+ Kh8 26. Qg6 Qg7 27.
Qxg7+ Kxg7 28. cxd6 cxd6 29. Rxd6 Rad8 30. Re6 Rd7 31. e5 fxe5 32. Rxe5 Rf4 33.
c5 Kf6 34. Re8 Re7+ 35. Rxe7 Kxe7 36. Bf3 Rc4 37. Bxb7 Rxc5 38. Kf3 h5 39. Ke4
Ra5 40. Kf4 Kf6 41. Bf3 Ra4+ 42. Ke3 Rxa3+ 43. Kf4 Ra4+ 44. Ke3 Kg5 0-1

[Event "C.to Mondiale U20"]
[Site "Cochin IND"]
[Date "2004.11.20"]
[Round "1"]
[White "Soon, Wai Cheong"]
[Black "Buchicchio, Giampaolo"]
[Result "1-0"]
[WhiteElo "2048"]
[BlackElo "2315"]
[PlyCount "78"]
[EventDate "2004.11.20"]

1. e4 c5 2. Nf3 Nc6 3. Bb5 g6 4. O-O Bg7 5. Re1 Nf6 6. c3 O-O 7. h3 Qb6 8. Bf1
e5 9. Na3 d5 10. d3 Bd7 11. exd5 Nxd5 12. Nc4 Qc7 13. a4 Rad8 14. Qb3 Bf5 15.
Bg5 Rd7 16. Rad1 Kh8 17. Qc2 a6 18. Qc1 b5 19. axb5 axb5 20. Ne3 Be6 21. Nc2
Re8 22. Bh6 f6 23. Bxg7+ Kxg7 24. d4 exd4 25. Bxb5 dxc3 26. Bc4 Qd8 27. bxc3
Nxc3 28. Rxd7+ Qxd7 29. Qe3 Nd5 30. Qxc5 Nce7 31. Ncd4 Bf7 32. Bb5 Qc8 33. Qa3
Qa8 34. Qd6 Qb8 35. Qa3 Rc8 36. Rxe7 Nxe7 37. Qxe7 Rc1+ 38. Bf1 Qb6 39. Qe3 Rd1
1-0

[Event "C.to Mondiale U20"]
[Site "Cochin IND"]
[Date "2004.11.20"]
[Round "1"]
[White "Tomba, Ivan"]
[Black "Smeets, Jan"]
[Result "0-1"]
[WhiteElo "2235"]
[BlackElo "2515"]
[PlyCount "58"]
[EventDate "2004.11.20"]

1. e4 c5 2. Nf3 d6 3. d4 cxd4 4. Nxd4 Nf6 5. Nc3 a6 6. Bc4 e6 7. Bb3 Nbd7 8. f4
Nc5 9. f5 b5 10. Qf3 Bd7 11. O-O e5 12. Nde2 b4 13. Nd5 Ncxe4 14. Be3 Rb8 15.
Rad1 Nxd5 16. Bxd5 Nf6 17. Bb3 Qc7 18. Qg3 Bc6 19. c3 a5 20. cxb4 Rxb4 21. Rc1
Qb7 22. Rc4 a4 23. Bd2 Rxc4 24. Bxc4 Ne4 25. Qd3 d5 26. Ba6 Qb6+ 27. Be3 Bc5
28. Rf3 Bxe3+ 29. Rxe3 O-O 0-1

[Event "C.to Mondiale U20"]
[Site "Cochin IND"]
[Date "2004.11.20"]
[Round "2"]
[White "Buchicchio, Giampaolo"]
[Black "Nanjo, Ryosuke"]
[Result "1-0"]
[WhiteElo "2315"]
[BlackElo "2154"]
[PlyCount "55"]
[EventDate "2004.11.20"]

1. e4 c5 2. c3 Nf6 3. e5 Nd5 4. d4 e6 5. Nf3 Nc6 6. c4 Ndb4 7. d5 exd5 8. cxd5
Nd4 9. Nxd4 cxd4 10. Be2 Bc5 11. Bf3 d3 12. O-O Nc2 13. Qxd3 Nxa1 14. d6 O-O
15. Nc3 Re8 16. Bf4 Rb8 17. Ne4 b6 18. Bg5 Ba6 19. Qxa6 Qc8 20. Qd3 Rxe5 21.
Rxa1 Qe8 22. Bf4 Re6 23. Bd2 h6 24. b4 Rxd6 25. Nxd6 Qe5 26. Re1 Qxd6 27. Qxd6
Bxd6 28. b5 1-0

[Event "C.to Mondiale U20"]
[Site "Cochin IND"]
[Date "2004.11.20"]
[Round "2"]
[White "Cereijo, Nicolas"]
[Black "Tomba, Ivan"]
[Result "1-0"]
[WhiteElo "2120"]
[BlackElo "2235"]
[PlyCount "53"]
[EventDate "2004.11.20"]

1. e4 c5 2. Nf3 d6 3. d4 cxd4 4. Qxd4 Nc6 5. Bb5 Bd7 6. Bxc6 Bxc6 7. Nc3 Nf6 8.
Bg5 e6 9. O-O-O Be7 10. Rhe1 O-O 11. Kb1 Qa5 12. Qe3 Rfd8 13. h3 b5 14. Nd4
Rac8 15. Nxc6 Rxc6 16. e5 dxe5 17. Rxd8+ Qxd8 18. Qxe5 Rc5 19. Qg3 b4 20. Rd1
Qc8 21. Bxf6 Bxf6 22. Ne4 Be5 23. f4 Rc4 24. fxe5 Rxe4 25. Qd3 f5 26. exf6 Re5
27. Qg3 1-0

[Event "C.to Mondiale U20"]
[Site "Cochin IND"]
[Date "2004.11.20"]
[Round "2"]
[White "Tiwari, Arjun"]
[Black "Braschi, Giancarlo"]
[Result "1/2-1/2"]
[WhiteElo "2319"]
[BlackElo "2172"]
[PlyCount "112"]
[EventDate "2004.11.20"]

1. e4 c5 2. Nc3 Nc6 3. f4 g6 4. Nf3 Bg7 5. Bb5 Nd4 6. O-O Nxb5 7. Nxb5 Nf6 8.
e5 Nd5 9. d4 Nc7 10. Nxc7+ Qxc7 11. d5 d6 12. Qe2 Bg4 13. Bd2 O-O 14. Rae1 dxe5
15. fxe5 c4 16. Qe4 Bxf3 17. Rxf3 Rad8 18. Bg5 Qc5+ 19. Kf1 h6 20. Bh4 g5 21.
Bf2 Qxd5 22. Bxa7 Qxe4 23. Rxe4 Rd1+ 24. Ke2 Rfd8 25. Be3 R8d5 26. h4 Rb1 27.
hxg5 Rxb2 28. Rxc4 hxg5 29. Rc8+ Kh7 30. Rxf7 Rxe5 31. Kd3 Rd5+ 32. Ke4 Re5+
33. Kf3 Rbb5 34. c4 Ra5 35. a4 Kg6 36. Rxg7+ Kxg7 37. Bd4 Kf7 38. Bxe5 Rxe5 39.
c5 Re6 40. c6 bxc6 41. a5 Re5 42. a6 Ra5 43. Rxc6 Ra4 44. Ke3 Ke8 45. Kd3 Kd7
46. Rg6 Kc7 47. Ke3 g4 48. Re6 Kd7 49. Rb6 Kc7 50. Rb7+ Kd6 51. a7 e6 52. Rg7
Ke5 53. Rf7 Ra3+ 54. Kd2 Ke4 55. Kc2 e5 56. Kb2 Ra6 1/2-1/2

[Event "C.to Mondiale U20"]
[Site "Cochin IND"]
[Date "2004.11.21"]
[Round "3"]
[White "Bhatti, Ranveersingh"]
[Black "Tomba, Ivan"]
[Result "1-0"]
[WhiteElo "2195"]
[BlackElo "2235"]
[PlyCount "61"]
[EventDate "2004.11.20"]

1. d4 d5 2. c4 c6 3. Nf3 Nf6 4. Nc3 a6 5. a4 e6 6. e3 Bb4 7. Bd3 O-O 8. O-O
Nbd7 9. Qc2 Qc7 10. e4 dxc4 11. Bxc4 e5 12. d5 Nc5 13. Bg5 Bg4 14. Nd2 h6 15.
Be3 Bxc3 16. bxc3 b5 17. axb5 axb5 18. Ba2 cxd5 19. exd5 Rfc8 20. c4 bxc4 21.
Bxc4 Rxa1 22. Rxa1 Bh5 23. h3 Bg6 24. Qxg6 fxg6 25. d6+ Qf7 26. Bxf7+ Kxf7 27.
Rc1 Nfd7 28. Nb3 Nxb3 29. Rxc8 Nd4 30. Bxd4 exd4 31. Rc4 1-0

[Event "C.to Mondiale U20"]
[Site "Cochin IND"]
[Date "2004.11.21"]
[Round "3"]
[White "Braschi, Giancarlo"]
[Black "Lafuente, Pablo"]
[Result "1/2-1/2"]
[WhiteElo "2172"]
[BlackElo "2473"]
[PlyCount "62"]
[EventDate "2004.11.20"]

1. d4 Nf6 2. c4 e6 3. Nf3 b6 4. a3 Ba6 5. Nbd2 c5 6. e3 Be7 7. Bd3 O-O 8. Qe2
cxd4 9. Nxd4 Bb7 10. O-O Nc6 11. Nxc6 Bxc6 12. e4 d6 13. b4 Qb8 14. Bb2 Nd7 15.
Nf3 Re8 16. Rac1 Bf8 17. Rfd1 a6 18. Nd4 Bb7 19. Bb1 Ne5 20. Nf3 Nxf3+ 21. Qxf3
Qc7 22. Qh3 e5 23. Qd3 Rad8 24. Qe3 Be7 25. Rc2 Bc6 26. Rc3 Rc8 27. Qe2 Bd7 28.
Bd3 Ra8 29. Bc1 Bc6 30. Be3 Qb7 31. f3 Rec8 1/2-1/2

[Event "C.to Mondiale U20"]
[Site "Cochin IND"]
[Date "2004.11.21"]
[Round "3"]
[White "Buchicchio, Giampaolo"]
[Black "Artels, Lieven"]
[Result "1/2-1/2"]
[WhiteElo "2315"]
[BlackElo "2084"]
[PlyCount "63"]
[EventDate "2004.11.20"]

1. e4 e6 2. d4 d5 3. Nc3 dxe4 4. Nxe4 Nf6 5. Bd3 Nbd7 6. Nf3 Be7 7. O-O O-O 8.
Qe2 c5 9. Nxc5 Nxc5 10. dxc5 Bxc5 11. b3 b6 12. Bb2 Bb7 13. Ba6 Bxa6 14. Qxa6
Qc8 15. Qe2 Qc6 16. Rfe1 Qc7 17. Ne5 Bb4 18. c3 Bxc3 19. Bxc3 Qxc3 20. Rac1 Qd4
21. Red1 Qe4 22. Qxe4 Nxe4 23. Rc7 Rfd8 24. Rxd8+ Rxd8 25. Kf1 f6 26. Nc6 Rd2
27. f3 Rd1+ 28. Ke2 Nc3+ 29. Kf2 Rd2+ 30. Kg3 Ne2+ 31. Kf2 Nc3+ 32. Kg3 1/2-1/2

[Event "C.to Mondiale U20"]
[Site "Cochin IND"]
[Date "2004.11.21"]
[Round "4"]
[White "Louw, Daniel Johannes"]
[Black "Buchicchio, Giampaolo"]
[Result "0-1"]
[WhiteElo "2187"]
[BlackElo "2315"]
[PlyCount "64"]
[EventDate "2004.11.20"]

1. e4 c5 2. Nf3 Nc6 3. d4 cxd4 4. Nxd4 Nf6 5. Nc3 e5 6. Ndb5 d6 7. Bg5 a6 8.
Na3 b5 9. Nd5 Qa5+ 10. Bd2 Qd8 11. Bg5 Be7 12. Bxf6 Bxf6 13. c3 Rb8 14. Nc2 Bg5
15. Nce3 O-O 16. a4 b4 17. Nc4 a5 18. h4 Bh6 19. g4 Bf4 20. g5 f5 21. gxf6 Bh6
22. Nxd6 bxc3 23. bxc3 Kh8 24. Nb5 gxf6 25. Qh5 Bg7 26. O-O-O f5 27. Rg1 Bd7
28. Bh3 Be8 29. Qe2 Qxh4 30. Bxf5 Rxf5 31. exf5 Qxa4 32. Nbc7 Nd4 0-1

[Event "C.to Mondiale U20"]
[Site "Cochin IND"]
[Date "2004.11.21"]
[Round "4"]
[White "Olsson, Linus"]
[Black "Braschi, Giancarlo"]
[Result "1/2-1/2"]
[WhiteElo "2289"]
[BlackElo "2172"]
[PlyCount "70"]
[EventDate "2004.11.20"]

1. d4 Nf6 2. c4 e6 3. g3 c5 4. d5 exd5 5. cxd5 b5 6. Bg2 d6 7. Nf3 g6 8. O-O
Bg7 9. e4 O-O 10. e5 dxe5 11. Nxe5 Bb7 12. Nc6 Qb6 13. Ne7+ Kh8 14. Re1 Rd8 15.
a4 Na6 16. axb5 Nb4 17. Nc3 a6 18. bxa6 Bxa6 19. Na4 Qb5 20. Nc3 Qb6 21. Ra3
Rd7 22. Bh3 Rdd8 23. Na4 Qa5 24. Bg2 Ra7 25. Bd2 Qc7 26. Bxb4 cxb4 27. Rae3 Bb5
28. b3 h6 29. h3 Kh7 30. Kh2 Rd7 31. Qb1 Bxa4 32. bxa4 Rxa4 33. R3e2 Bf8 34.
Nc6 Nxd5 35. Bxd5 Rxd5 1/2-1/2

[Event "C.to Mondiale U20"]
[Site "Cochin IND"]
[Date "2004.11.21"]
[Round "4"]
[White "Tomba, Ivan"]
[Black "Nanjo, Ryosuke"]
[Result "1/2-1/2"]
[WhiteElo "2235"]
[BlackElo "2154"]
[PlyCount "80"]
[EventDate "2004.11.20"]

1. e4 c5 2. Nf3 Nc6 3. d4 cxd4 4. Nxd4 g6 5. c4 Bg7 6. Be3 Nf6 7. Nc3 Ng4 8.
Qxg4 Bxd4 9. Bxd4 Nxd4 10. Qd1 e5 11. Bd3 d6 12. O-O Be6 13. Qd2 O-O 14. b3 Qd7
15. f4 f6 16. Rae1 Kg7 17. Qf2 Qe7 18. f5 Bf7 19. fxg6 hxg6 20. Re3 Be6 21. Rg3
Rh8 22. Nd1 Raf8 23. Ne3 g5 24. Be2 Rh4 25. Bg4 Bxg4 26. Rxg4 Rxg4 27. Nxg4 f5
28. exf5 Rxf5 29. Qe1 Rf4 30. Rxf4 gxf4 31. Qe4 a6 32. c5 dxc5 33. Nxe5 Nc6 34.
Qg6+ Kf8 35. Qh6+ Kg8 36. Qg6+ Kf8 37. Qf5+ Ke8 38. Qc8+ Nd8 39. Qf5 Nc6 40.
Qg6+ Kf8 1/2-1/2

[Event "C.to Mondiale U20"]
[Site "Cochin IND"]
[Date "2004.11.22"]
[Round "5"]
[White "Braschi, Giancarlo"]
[Black "Gopal Geetha Narayanan"]
[Result "1-0"]
[WhiteElo "2172"]
[BlackElo "2278"]
[PlyCount "69"]
[EventDate "2004.11.20"]

1. d4 Nf6 2. c4 g6 3. Nc3 d5 4. Nf3 Bg7 5. Bg5 Ne4 6. cxd5 Nxg5 7. Nxg5 e6 8.
Qd2 h6 9. Nf3 exd5 10. e3 O-O 11. Bd3 a5 12. h3 Re8 13. O-O c6 14. Rfe1 Nd7 15.
e4 dxe4 16. Nxe4 Nb6 17. Nc5 Rf8 18. Rad1 Nd5 19. Ne5 Qc7 20. h4 Rd8 21. a3 b6
22. Ne4 Bb7 23. h5 g5 24. Nxg5 hxg5 25. Qxg5 Qd6 26. Qf5 Qf6 27. Qh7+ Kf8 28.
Bg6 Nf4 29. Bxf7 Qg5 30. g3 c5 31. Qg8+ Ke7 32. Nf3+ Kf6 33. Qxd8+ Rxd8 34.
Nxg5 Kxg5 35. gxf4+ 1-0

[Event "C.to Mondiale U20"]
[Site "Cochin IND"]
[Date "2004.11.22"]
[Round "5"]
[White "Buchicchio, Giampaolo"]
[Black "Gupta, Abhijeet"]
[Result "0-1"]
[WhiteElo "2315"]
[BlackElo "2412"]
[PlyCount "88"]
[EventDate "2004.11.20"]

1. e4 e5 2. Nf3 Nc6 3. d4 exd4 4. Nxd4 Nf6 5. Nxc6 bxc6 6. e5 Qe7 7. Qe2 Nd5 8.
c4 Nb6 9. Nd2 a5 10. g3 Qe6 11. b3 Bb4 12. Bb2 a4 13. Bg2 O-O 14. O-O d5 15. f4
Bc5+ 16. Kh1 a3 17. Bc3 f5 18. Rac1 Ba6 19. Nf3 Rfd8 20. Ng5 Qe7 21. e6 dxc4
22. b4 Bd4 23. Nf7 Bxc3 24. Nxd8 Rxd8 25. Rxc3 Bb5 26. Rd1 Re8 27. Re3 Nd5 28.
Bxd5 cxd5 29. Qd2 Qd6 30. Kg1 c6 31. Qc3 Rxe6 32. Qxa3 Re4 33. Rxe4 fxe4 34.
Qa8+ Qf8 35. Qa5 c3 36. Qa3 Qf6 37. Kf2 d4 38. Qa8+ Qf8 39. Qa7 e3+ 40. Ke1 c2
41. Qxd4 cxd1=Q+ 42. Kxd1 Qe7 43. Ke1 e2 44. Qd2 Qa7 0-1

[Event "C.to Mondiale U20"]
[Site "Cochin IND"]
[Date "2004.11.22"]
[Round "5"]
[White "Vaidya Chaitanya, Nandkishore"]
[Black "Tomba, Ivan"]
[Result "1/2-1/2"]
[WhiteElo "2184"]
[BlackElo "2235"]
[PlyCount "118"]
[EventDate "2004.11.20"]

1. d4 d5 2. c4 c6 3. Nc3 Nf6 4. Nf3 a6 5. c5 Nbd7 6. Bf4 Nh5 7. e3 Nxf4 8. exf4
b6 9. b4 g6 10. Bd3 Bg7 11. Rc1 a5 12. a3 axb4 13. axb4 bxc5 14. bxc5 Ra3 15.
Qd2 Qa5 16. Ne2 Qa4 17. O-O O-O 18. Rc3 Ba6 19. Rxa3 Qxa3 20. Bxa6 Qxa6 21. Rb1
Ra8 22. g3 Nf6 23. Nc3 Ne4 24. Qe3 f5 25. Nxe4 fxe4 26. Ne5 Bxe5 27. fxe5 Qc4
28. Qg5 Qxd4 29. Qxe7 Rf8 30. Rf1 Rf5 31. Qe8+ Kg7 32. Qe7+ Rf7 33. Qg5 Qxc5
34. Kg2 Rf5 35. Qd8 Rxe5 36. Rb1 Rf5 37. Rb7+ Rf7 38. Rxf7+ Kxf7 39. Qd7+ Qe7
40. Qxc6 Qe6 41. Qb7+ Kg8 42. Qb8+ Kg7 43. Qb2+ Qf6 44. Qb7+ Qf7 45. Qb2+ Kf8
46. Qb8+ Ke7 47. Qc7+ Ke6 48. Qb6+ Kf5 49. Qd6 h5 50. h3 Kg5 51. Qd8+ Kh6 52.
Qh8+ Qh7 53. Qe5 Qg8 54. h4 Kh7 55. Qe7+ Qg7 56. Qe6 Qb7 57. Qe5 Qd7 58. Qd4
Qf7 59. Kg1 Qd7 1/2-1/2

[Event "C.to Mondiale U20"]
[Site "Cochin IND"]
[Date "2004.11.22"]
[Round "6"]
[White "Braschi, Giancarlo"]
[Black "Buchicchio, Giampaolo"]
[Result "0-1"]
[WhiteElo "2172"]
[BlackElo "2315"]
[PlyCount "58"]
[EventDate "2004.11.20"]

1. d4 d5 2. c4 c6 3. Nf3 Nf6 4. Nc3 a6 5. e3 b5 6. b3 Bg4 7. Be2 e6 8. O-O Nbd7
9. h3 Bh5 10. Bb2 Bd6 11. Ne5 Bxe2 12. Nxe2 Qc7 13. cxd5 cxd5 14. Rc1 Qb8 15.
Nxd7 Nxd7 16. Rc6 O-O 17. Qc2 Nb6 18. Rc1 Rd8 19. Qd2 Qb7 20. R6c2 Rac8 21. Kf1
Rxc2 22. Rxc2 Rc8 23. Nc1 b4 24. Nd3 a5 25. Rxc8+ Nxc8 26. Kg1 Na7 27. Qc1 Qb5
28. Qc2 Nc6 29. Bc1 Qa6 0-1